000 00754nam a22002657a 4500
003 UA-OsUOA
001 21730
007 ta
008 20031212b un ||||| |||| 00| 0 ukr d
100 _aЕрасов Б.С.
090 _a008(075.8)
_bЕ69
942 _cBK
040 _aUA-OsUOA
_brus
_cUA-OsUOA
_dUA-OsUOA
245 _aСоциальная культурология
_bУчебник для студентов высших учебных заведений
300 _a591 с.
955 _a0
041 _arus
080 _a008(075.8)
020 _a5-7567-0132-Х
260 _aМосква
_bАспект Пресс
_c2000
044 _aRU
250 _n3-е изд., доп. и перераб.
650 7 _2UDC
999 _c307937
_d307937